Pays européens avec un taux de migration négatif - Statistiques

Statistiques générales
  • Ce quiz a été pris 102 fois
  • Le résultat moyen est 16 sur 19
Statistiques - réponses
Pourcentage (‰) Pays % Correct
-21,9 Pologne
90%
-12,7 Roumanie
90%
-19,2 Slovaquie
90%
-0,5 Biélorussie
89%
-0,8 Estonie
89%
-15,3 Hongrie
89%
-4,8 Lituanie
88%
-0,7 Bulgarie
86%
-1,4 Serbie
86%
-2,8 Albanie
85%
-0,5 Croatie
85%
-3,0 Kosovo
85%
-4,2 Lettonie
85%
-0,5 Macédoine du Nord
84%
-0,9 Russie
84%
-0,2 Bosnie-Herzégovine
80%
-35,8 Moldavie
78%
-0,8 Monténégro
78%
-3,7 Turquie
49%
Aucun quiz correspondant
Distribution des résultats
% des personnes avec chaque résultat
Percentile par nombre de réponses
Votre historique - résultats
Vous n’avez pas pris ce quiz